00326nam a2200121 a 450000500170000000800410001705000210005810000220007924500610010125000120016226000100017470000200018420141022141959.0120229s19uu xx 00 eng d aCD-ROMbG14 2002 aGamble, Teri Kwal aCommunication works /cTeri Kwal Gamble, Michael Gamble. a7th ed. c2002. aGamble, Michael